Επιμόρφωση εκπαιδευτικών δευτεροβάθμιας εκπαίδευσης : μελέτη περίπτωσης: εκπαιδευτικοί ν. Χίου : διπλωματική εργασία
Αποθηκεύτηκε σε:
| Κύριος συγγραφέας: | |
|---|---|
| Συγγραφή απο Οργανισμό/Αρχή: | |
| Άλλοι συγγραφείς: | |
| Μορφή: | Thesis Βιβλίο |
| Γλώσσα: | Greek |
| Δημοσίευση: |
2012
|
| Θέματα: | |
| Διαθέσιμο Online: | http://hdl.handle.net/11610/13571 |
| Ετικέτες: |
Προσθήκη ετικέτας
Δεν υπάρχουν, Καταχωρήστε ετικέτα πρώτοι!
|
MARC
| LEADER | 00000cam a2200000 i 4500 | ||
|---|---|---|---|
| 001 | 1/37516 | ||
| 008 | 131022s2012 gre d | ||
| 035 | |l 10115847 | ||
| 040 | |a GR-MY-UA |b gre |e aacr | ||
| 041 | 0 | |a gre | |
| 082 | 0 | |a 370.711 |2 (22) | |
| 100 | 1 | |a Σκόκου, Αικατερίνη. | |
| 245 | 1 | 0 | |a Επιμόρφωση εκπαιδευτικών δευτεροβάθμιας εκπαίδευσης : |b μελέτη περίπτωσης: εκπαιδευτικοί ν. Χίου : διπλωματική εργασία / |c Σκόκου Αικατερίνη ; επιβλέπουσα καθηγήτρια: Στογιαννίδου Μάιρα |
| 260 | |c 2012 | ||
| 300 | |a 112 σ.; |b πίν., διαγρ.; |c 30 εκ. | ||
| 502 | |a Διατριβή (μεταπτυχιακή) - Πανεπιστήμιο Αιγαίου, Χίος, 2012. | ||
| 504 | |a Περιλαμβάνει βιβλιογραφία | ||
| 650 | 0 | 0 | |a Education, Secondary |z Greece |z Chios (Nome) |
| 650 | 0 | 0 | |a Teachers |x Training of |z Greece |z Chios (Nome) |
| 650 | 0 | |a Teachers |x In-service training |z Greece |z Chios (Nome) | |
| 650 | 0 | 0 | |a Adult learning. |
| 650 | 0 | 0 | |a Dissertations, Academic |z Greece. |
| 700 | 1 | |4 ths |a Στογιαννίδου, Μαριάνθη. | |
| 710 | 1 | |a Πανεπιστήμιο Αιγαίου |b Σχολή Επιστημών της Διοίκησης |b Τμήμα Διοίκησης Επιχειρήσεων |b Πρόγραμμα Μεταπτυχιακών Σπουδών στη Διοίκηση Επιχειρήσεων - M.B.A. | |
| 852 | |a INST |b CHIOS |c DIATR |e 20131022 |h 370.711 ΣΚΟ |p 005200033062 |q 005200033062 |t MTXE |y 23 | ||
| 852 | |a INST |b CHIOS |c DIATR |e 20131024 |h 370.711 ΣΚΟ |p 005200033063 |q 005200033063 |t MTXE |y 23 | ||
| 856 | |u http://hdl.handle.net/11610/13571 | ||
| 901 | |a BIBL2-2012-1 | ||
| 909 | |a Χ |b 169144 | ||
| 909 | |a Χ |b 169145 | ||
| 924 | |a ΣΚΟΚΟΥ |b ΑΙΚΑΤΕΡΙΝΗ |y ΧΙΟΣ |z 2012-02 | ||
| 970 | |a ΠΑΡΟΙΚΑΚΗ |b ΒΑΣΙΛΙΚΗ |z 2013/10/24 | ||